[Event "2. Bundesliga Mitte 2011/12"]
[Site "St.Veit/Glan"]
[Date "2012.03.04"]
[Round "9"]
[Board "2"]
[White "Postl, Anton"]
[Black "Kozul, Zdenko"]
[Result "0-1"]
[WhiteElo "2270"]
[BlackElo "2541"]
[PlyCount "44"]
[EventDate "2011.10.21"]
[EventType "team"]
[EventRounds "11"]
[EventCountry "AUT"]
[WhiteTeam "SK Sparkasse Fuerstenfeld"]
[BlackTeam "ZH-Technologies-Wolfsberg"]

1. d4 Nf6 2. c4 g6 3. Nf3 Bg7 4. g3 O-O 5. Bg2 c6 6. O-O d6 7. Nc3 Qa5 8. h3
Be6 9. Nd2 Qa6 10. d5 cxd5 11. cxd5 Bd7 12. Nb3 Ba4 13. Be3 Nbd7 14. Qd4 Nb6
15. Qb4 Rfc8 16. Nd2 Be8 17. Rac1 Nc4 18. Nxc4 Rxc4 19. Qb3 Rac8 20. a3 Nd7 21.
Rfd1 Nb6 22. Bf1 Bxc3 0-1

[Event "2. Bundesliga Mitte 2011/12"]
[Site "St.Veit/Glan"]
[Date "2012.03.04"]
[Round "9"]
[Board "4"]
[White "Takacs, Balazs"]
[Black "Reichmann, Egon"]
[Result "1-0"]
[WhiteElo "2334"]
[BlackElo "2279"]
[PlyCount "131"]
[EventDate "2011.10.21"]
[EventType "team"]
[EventRounds "11"]
[EventCountry "AUT"]
[WhiteTeam "SK Sparkasse Fuerstenfeld"]
[BlackTeam "ZH-Technologies-Wolfsberg"]

1. e4 e5 2. Nf3 Nc6 3. Bb5 a6 4. Bxc6 dxc6 5. d4 exd4 6. Qxd4 Qxd4 7. Nxd4 c5
8. Ne2 b6 9. Bf4 Bb7 10. f3 O-O-O 11. Nd2 Ne7 12. O-O-O Ng6 13. Bg3 Be7 14. h4
h5 15. Nc4 Rxd1+ 16. Kxd1 Rd8+ 17. Kc1 Bf6 18. Nf4 Nxf4 19. Bxf4 Re8 20. Bg5
Be5 21. Bd2 b5 22. Nxe5 Rxe5 23. Rh3 g6 24. Rg3 c4 25. Bc3 Re8 26. Bf6 Re6 27.
e5 Re8 28. Kd2 Kd7 29. Ke3 Ke6 30. Rg5 c3 31. bxc3 c5 32. c4 bxc4 33. g4 Rb8
34. gxh5 gxh5 35. Rxh5 Bd5 36. Rh8 Rxh8 37. Bxh8 c3 38. a3 Kf5 39. Bf6 Kg6 40.
Be7 c4 41. Kd4 Be6 42. f4 Kf5 43. Bg5 Kg4 44. Kxc3 Bf5 45. a4 Bg6 46. Kb2 Kf3
47. c3 Ke4 48. Ka3 a5 49. Bd8 Kxf4 50. Bxa5 Kxe5 51. Kb4 Kd5 52. Bc7 f5 53. a5
Kc6 54. Bf4 Bf7 55. Be3 Kb7 56. Kb5 Be8+ 57. Kxc4 Ka6 58. Kd5 Kxa5 59. Ke5 Kb5
60. Kxf5 Kc4 61. Bd4 Kd5 62. Kf6 Kd6 63. c4 Bh5 64. c5+ Kd5 65. Kg5 Be8 66. h5
1-0

[Event "2. Bundesliga Mitte 2011/12"]
[Site "St.Veit/Glan"]
[Date "2012.03.04"]
[Round "9"]
[Board "5"]
[White "Wegerer, Fred"]
[Black "Hatzl, Stefan"]
[Result "1/2-1/2"]
[WhiteElo "2159"]
[BlackElo "2162"]
[PlyCount "134"]
[EventDate "2011.10.21"]
[EventType "team"]
[EventRounds "11"]
[EventCountry "AUT"]
[WhiteTeam "ZH-Technologies-Wolfsberg"]
[BlackTeam "SK Sparkasse Fuerstenfeld"]

1. e3 Nf6 2. b3 g6 3. Bb2 Bg7 4. g4 h6 5. h3 d6 6. d4 h5 7. gxh5 Nxh5 8. Nc3
Nd7 9. Nf3 c5 10. Qd2 Rb8 11. Rg1 a6 12. Ne4 cxd4 13. Nxd4 Ndf6 14. Ng5 Nh7 15.
h4 N5f6 16. Bg2 Nf8 17. Rh1 Qc7 18. O-O-O Bd7 19. Kb1 Rc8 20. e4 Qc5 21. c4 Nh5
22. f4 f6 23. Ngf3 e5 24. fxe5 dxe5 25. Nc2 Bc6 26. Ba3 Qb6 27. Bh3 Rd8 28.
Qxd8+ Qxd8 29. Rxd8+ Kxd8 30. Rd1+ Ke8 31. Re1 Nf4 32. Bf1 f5 33. Ng5 fxe4 34.
Nxe4 Bxe4 35. Rxe4 Rxh4 36. Re1 g5 37. c5 g4 38. Ne3 N8e6 39. Nf5 Rh5 40. Ng3
Rg5 41. Bc1 Kd7 42. Rd1+ Kc7 43. b4 Rg6 44. Bc4 Ng5 45. a4 Bf8 46. Bb2 Nf3 47.
Bf7 Rg7 48. Bb3 Rd7 49. Rxd7+ Kxd7 50. Ne4 Kc6 51. Bc4 g3 52. b5+ axb5 53.
Bxb5+ Kd5 54. Nxg3 Bxc5 55. Ne2 Nxe2 56. Bxe2 e4 57. a5 Nd2+ 58. Kc2 Nc4 59.
Bc3 Nd6 60. Kb3 Kc6 61. Ka4 Nf5 62. a6 bxa6 63. Bxa6 Bd4 64. Kb3 Bxc3 65. Kxc3
Kc5 66. Bb7 Nd6 67. Bxe4 Nxe4+ 1/2-1/2

[Event "2. Bundesliga Mitte 2011/12"]
[Site "St.Veit/Glan"]
[Date "2012.03.04"]
[Round "9"]
[Board "6"]
[White "Hatzl, Johannes"]
[Black "Toefferl, Heimo"]
[Result "0-1"]
[WhiteElo "2103"]
[BlackElo "2102"]
[PlyCount "82"]
[EventDate "2011.10.21"]
[EventType "team"]
[EventRounds "11"]
[EventCountry "AUT"]
[WhiteTeam "SK Sparkasse Fuerstenfeld"]
[BlackTeam "ZH-Technologies-Wolfsberg"]

1. e4 e6 2. Nf3 d5 3. e5 c5 4. b4 cxb4 5. a3 Nc6 6. axb4 Nxb4 7. c3 Nc6 8. d4
f6 9. Bd3 fxe5 10. dxe5 Qc7 11. O-O Nxe5 12. Nxe5 Qxe5 13. Re1 Qf6 14. Bb5+ Kf7
15. Be3 a6 16. Ra4 Qd8 17. Qh5+ g6 18. Qf3+ Nf6 19. g4 h6 20. h4 g5 21. hxg5
hxg5 22. Bxg5 Be7 23. Bd3 Qd6 24. Bf4 Qc6 25. Bc2 Bd7 26. g5 Rag8 27. Kf1 Qb5+
28. Re2 Ne4 29. Be5+ Ke8 30. Bxh8 Rxh8 31. g6 Rf8 32. g7 Rxf3 33. g8=Q+ Rf8 34.
Qg6+ Kd8 35. Raxe4 dxe4 36. Qxe4 Bc5 37. c4 Qb2 38. Nd2 Qc1+ 39. Re1 Rxf2+ 40.
Kg1 Re2+ 41. Kf1 Qxe1# 0-1

[Event "2. Bundesliga Mitte 2011/12"]
[Site "St.Veit/Glan"]
[Date "2012.03.04"]
[Round "9"]
[Board "1"]
[White "Hartl, Daniel"]
[Black "Freitag, Manfred"]
[Result "0-1"]
[WhiteElo "2272"]
[BlackElo "2380"]
[PlyCount "90"]
[EventDate "2011.10.21"]
[EventType "team"]
[EventRounds "11"]
[EventCountry "AUT"]
[WhiteTeam "SK MPOE Maria Saal"]
[BlackTeam "ESV Austria Graz"]

1. d4 Nf6 2. c4 e6 3. Nf3 c5 4. d5 exd5 5. cxd5 d6 6. Nc3 g6 7. Bf4 a6 8. a4
Bg7 9. h3 O-O 10. e3 Qe7 11. Nd2 Nbd7 12. Nc4 Ne8 13. Be2 f5 14. O-O Rb8 15. a5
Kh8 16. Bh2 g5 17. Qd2 Ndf6 18. Rfe1 Bd7 19. Rab1 Bb5 20. Nb6 Bxe2 21. Qxe2 g4
22. Qd3 Ne4 23. hxg4 Nxc3 24. bxc3 Nf6 25. g5 Ne4 26. Rbc1 Nxg5 27. f3 Rbd8 28.
Nc4 Qf6 29. Rc2 Qg6 30. Qf1 f4 31. Rcc1 Rde8 32. e4 Be5 33. Kh1 Qf6 34. Qd3 Nf7
35. Re2 Qh4 36. Rb2 Re7 37. Rb6 Rg8 38. Qf1 Rg6 39. Qe1 Qh5 40. Qg1 Ng5 41.
Nxe5 Rxe5 42. Rf1 Nh3 43. gxh3 Rxg1+ 44. Rxg1 Qxf3+ 45. Rg2 Rg5 0-1

[Event "2. Bundesliga Mitte 2011/12"]
[Site "St.Veit/Glan"]
[Date "2012.03.04"]
[Round "9"]
[Board "3"]
[White "Reschun, Sascha"]
[Black "Kotz, Heinz Peter"]
[Result "1/2-1/2"]
[WhiteElo "2244"]
[BlackElo "2349"]
[PlyCount "49"]
[EventDate "2011.10.21"]
[EventType "team"]
[EventRounds "11"]
[EventCountry "AUT"]
[WhiteTeam "SK MPOE Maria Saal"]
[BlackTeam "ESV Austria Graz"]

1. e4 e5 2. Nf3 Nc6 3. d4 exd4 4. Nxd4 Nf6 5. Nc3 Bb4 6. Nxc6 bxc6 7. Bd3 d6 8.
Bg5 h6 9. Bh4 Be6 10. O-O g5 11. Bg3 h5 12. f3 h4 13. Bf2 g4 14. Be3 gxf3 15.
Qxf3 Ng4 16. Na4 Ne5 17. Qf4 c5 18. Bb5+ c6 19. Be2 Qa5 20. b3 O-O-O 21. c4 Ng6
22. Qg5 Ne5 23. Qf4 Ng6 24. Qg5 Ne5 25. Qf4 1/2-1/2

[Event "2. Bundesliga Mitte 2011/12"]
[Site "St.Veit/Glan"]
[Date "2012.03.04"]
[Round "9"]
[Board "6"]
[White "Spindelboeck, Gernot"]
[Black "Kogler, Werner"]
[Result "1-0"]
[WhiteElo "2235"]
[BlackElo "1842"]
[PlyCount "39"]
[EventDate "2011.10.21"]
[EventType "team"]
[EventRounds "11"]
[EventCountry "AUT"]
[WhiteTeam "ESV Austria Graz"]
[BlackTeam "SK MPOE Maria Saal"]

1. g3 g6 2. Bg2 Bg7 3. c4 c6 4. Nc3 e6 5. e4 Ne7 6. d4 d5 7. Nf3 O-O 8. O-O b6
9. Re1 Bb7 10. Bg5 dxc4 11. Qd2 f6 12. Be3 f5 13. Bh6 Nd7 14. Bxg7 Kxg7 15. Ng5
Nc5 16. Rad1 h6 17. dxc5 hxg5 18. Qxg5 Qe8 19. Rd6 Qf7 20. Rd7 1-0

[Event "2. Bundesliga Mitte 2011/12"]
[Site "St.Veit/Glan"]
[Date "2012.03.04"]
[Round "9"]
[Board "1"]
[White "Neubauer, Martin"]
[Black "Babula, Vlastimil"]
[Result "1/2-1/2"]
[WhiteElo "2431"]
[BlackElo "2572"]
[PlyCount "59"]
[EventDate "2011.10.21"]
[EventType "team"]
[EventRounds "11"]
[EventCountry "AUT"]
[WhiteTeam "SV ASVOE Fundermax St. Veit/Glan"]
[BlackTeam "Union Ansfelden"]

1. d4 Nf6 2. c4 e6 3. Nc3 Bb4 4. Qc2 O-O 5. a3 Bxc3+ 6. Qxc3 b6 7. Bg5 Bb7 8.
e3 h6 9. Bh4 Re8 10. Ne2 Qe7 11. f3 d6 12. Rd1 Nbd7 13. Qc2 c5 14. Nc3 d5 15.
cxd5 exd5 16. Bf2 c4 17. Be2 Bc6 18. O-O b5 19. e4 Nb6 20. e5 Nh7 21. Qd2 a5
22. Na2 f5 23. f4 Nf6 24. Bh4 Ne4 25. Bxe7 Nxd2 26. Rxd2 Rxe7 27. Bd1 Nd7 28.
h3 Nb6 29. g4 Rf7 30. Rg2 1/2-1/2

[Event "2. Bundesliga Mitte 2011/12"]
[Site "St.Veit/Glan"]
[Date "2012.03.04"]
[Round "9"]
[Board "3"]
[White "Dietmayer-Kraeutler, Marco"]
[Black "Felsberger, Alfred"]
[Result "1/2-1/2"]
[WhiteElo "2222"]
[BlackElo "2361"]
[PlyCount "66"]
[EventDate "2011.10.21"]
[EventType "team"]
[EventRounds "11"]
[EventCountry "AUT"]
[WhiteTeam "SV ASVOE Fundermax St. Veit/Glan"]
[BlackTeam "Union Ansfelden"]

1. d4 Nf6 2. c4 e6 3. Nc3 Bb4 4. Qc2 d5 5. cxd5 exd5 6. Bg5 O-O 7. a3 Bxc3+ 8.
Qxc3 c6 9. e3 Bf5 10. Bd3 Bxd3 11. Qxd3 Nbd7 12. Nf3 Re8 13. O-O Qb6 14. b4 Ne4
15. Rab1 Qb5 16. Qc2 Nb6 17. Bf4 Qc4 18. Qxc4 Nxc4 19. b5 Ned2 20. bxc6 bxc6
21. Nxd2 Nxd2 22. Rb7 Nxf1 23. Kxf1 Rf8 24. Ke2 h6 25. Kd3 a5 26. Kc3 Rfc8 27.
Bd6 Rd8 28. Be5 Rdc8 29. Bd6 Rd8 30. Be5 Rac8 31. Ra7 Ra8 32. Rb7 Rac8 33. Ra7
Ra8 1/2-1/2

[Event "2. Bundesliga Mitte 2011/12"]
[Site "St.Veit/Glan"]
[Date "2012.03.04"]
[Round "9"]
[Board "4"]
[White "Moser, Guenter"]
[Black "Sandner, Wolfgang"]
[Result "1-0"]
[WhiteElo "2343"]
[BlackElo "2238"]
[PlyCount "49"]
[EventDate "2011.10.21"]
[EventType "team"]
[EventRounds "11"]
[EventCountry "AUT"]
[WhiteTeam "Union Ansfelden"]
[BlackTeam "SV ASVOE Fundermax St. Veit/Glan"]

1. d4 Nf6 2. c4 g6 3. Nc3 Bg7 4. e4 d6 5. f3 O-O 6. Be3 c5 7. d5 Na6 8. Qd2 Nc7
9. h4 Rb8 10. Bh6 e6 11. Nge2 b5 12. h5 bxc4 13. hxg6 fxg6 14. Bxg7 Kxg7 15.
dxe6 Bxe6 16. O-O-O d5 17. Qh6+ Kg8 18. e5 Rf7 19. exf6 Qxf6 20. Qh4 Qe5 21.
Rd2 Qe3 22. Qh6 Qe5 23. Qh2 Qg5 24. Qg3 Qe3 25. Nd1 1-0

[Event "2. Bundesliga Mitte 2011/12"]
[Site "St.Veit/Glan"]
[Date "2012.03.04"]
[Round "9"]
[Board "5"]
[White "Kuess, Mario"]
[Black "Ennsberger, Ulrich"]
[Result "0-1"]
[WhiteElo "2106"]
[BlackElo "2373"]
[PlyCount "86"]
[EventDate "2011.10.21"]
[EventType "team"]
[EventRounds "11"]
[EventCountry "AUT"]
[WhiteTeam "SV ASVOE Fundermax St. Veit/Glan"]
[BlackTeam "Union Ansfelden"]

1. f4 c5 2. Nf3 g6 3. e3 Bg7 4. Be2 Nf6 5. O-O O-O 6. d3 d5 7. Qe1 Nc6 8. h3 b5
9. Nbd2 c4 10. Qh4 Qb6 11. d4 Nb4 12. Ne1 Bf5 13. Bd1 a5 14. g4 Bc8 15. a3 Nc6
16. c3 Ne8 17. Nef3 f5 18. Bc2 Nd6 19. Ne5 Ne4 20. Nxe4 fxe4 21. Nxc6 Qxc6 22.
Bd2 Bf6 23. g5 Bg7 24. Bd1 Bf5 25. Bg4 e6 26. Kg2 Rfb8 27. Bxf5 exf5 28. Qe1 h6
29. h4 h5 30. Qd1 Bf8 31. Qc2 b4 32. axb4 axb4 33. cxb4 Bxb4 34. Bxb4 Rxb4 35.
Rxa8+ Qxa8 36. Rf2 Qa1 37. Re2 Rb3 38. Qd2 c3 39. bxc3 Rb1 40. Kg3 Rd1 41. Qa2
Rg1+ 42. Kh3 Qf1+ 43. Kh2 Rh1+ 0-1

[Event "2. Bundesliga Mitte 2011/12"]
[Site "St.Veit/Glan"]
[Date "2012.03.04"]
[Round "9"]
[Board "1"]
[White "Pilaj, Herwig"]
[Black "Haba, Petr"]
[Result "0-1"]
[WhiteElo "2362"]
[BlackElo "2502"]
[PlyCount "80"]
[EventDate "2011.10.21"]
[EventType "team"]
[EventRounds "11"]
[EventCountry "AUT"]
[WhiteTeam "SC Die Klagenfurter"]
[BlackTeam "SpG. Spark. Grieskirchen/Schallerb."]

1. c4 e5 2. g3 d6 3. Nc3 g6 4. Bg2 Bg7 5. d3 f5 6. e4 Nf6 7. Nge2 O-O 8. O-O c6
9. exf5 Bxf5 10. d4 Na6 11. c5 exd4 12. Nxd4 Nxc5 13. Nxf5 gxf5 14. Ne2 Ng4 15.
Rb1 d5 16. h3 Ne5 17. Nf4 Qd6 18. Nh5 Bh8 19. b4 Ne4 20. Rb3 Rae8 21. g4 Nc4
22. gxf5 Be5 23. Ng3 Nc3 24. Qh5 Kh8 25. Kh1 Rg8 26. Re1 Re7 27. Bg5 Bf6 28.
Bxf6+ Qxf6 29. Rxe7 Qxe7 30. Kh2 Qe5 31. Qh6 d4 32. Qe6 Qxe6 33. fxe6 Nd6 34.
Rb2 Re8 35. Rd2 Rxe6 36. Rxd4 Nxa2 37. b5 c5 38. Rg4 Nc3 39. f4 Rg6 40. Rh4
Rxg3 0-1

[Event "2. Bundesliga Mitte 2011/12"]
[Site "St.Veit/Glan"]
[Date "2012.03.04"]
[Round "9"]
[Board "2"]
[White "Kilgus, Georg"]
[Black "Wertjanz, David"]
[Result "1/2-1/2"]
[WhiteElo "2427"]
[BlackElo "2257"]
[PlyCount "59"]
[EventDate "2011.10.21"]
[EventType "team"]
[EventRounds "11"]
[EventCountry "AUT"]
[WhiteTeam "SpG. Spark. Grieskirchen/Schallerb."]
[BlackTeam "SC Die Klagenfurter"]

1. d4 Nf6 2. c4 e6 3. Nf3 b6 4. g3 Ba6 5. Nbd2 d5 6. Bg2 Be7 7. O-O O-O 8. b3
c5 9. cxd5 exd5 10. Ne5 cxd4 11. Bb2 Bc5 12. Ndf3 Re8 13. a3 Ne4 14. b4 Bf8 15.
Bxd4 f6 16. Ng4 Bb7 17. Bb2 a5 18. Qb3 a4 19. Qa2 Na6 20. Rfd1 Nc7 21. Ne3 Qd7
22. Rac1 Rac8 23. Nc4 Na8 24. Ne3 Nc7 25. Nd2 Ng5 26. h4 Nf7 27. Nf3 Bd6 28.
Bd4 b5 29. Bc5 Red8 30. Nd4 1/2-1/2

[Event "2. Bundesliga Mitte 2011/12"]
[Site "St.Veit/Glan"]
[Date "2012.03.04"]
[Round "9"]
[Board "3"]
[White "Genser, Harald"]
[Black "Singer, Christoph"]
[Result "0-1"]
[WhiteElo "2291"]
[BlackElo "2362"]
[PlyCount "114"]
[EventDate "2011.10.21"]
[EventType "team"]
[EventRounds "11"]
[EventCountry "AUT"]
[WhiteTeam "SC Die Klagenfurter"]
[BlackTeam "SpG. Spark. Grieskirchen/Schallerb."]

1. d4 d5 2. c4 e6 3. Nc3 Be7 4. Nf3 Nf6 5. Bg5 O-O 6. e3 Nbd7 7. cxd5 exd5 8.
Bd3 c6 9. Qc2 Re8 10. O-O Nf8 11. h3 Ng6 12. Rab1 Ne4 13. Bxe7 Qxe7 14. Rbe1
Bf5 15. Nh2 Nh4 16. f3 Ng3 17. Rf2 Qg5 18. Nd1 Rad8 19. f4 Qg6 20. Bxf5 Nhxf5
21. Rd2 Ne4 22. Rd3 Nh4 23. Rb3 Rd7 24. Qe2 h5 25. Nc3 Nd6 26. Qf2 Ndf5 27. Nd1
Rde7 28. Rf1 Ng3 29. Re1 Nhf5 30. Nf3 f6 31. Kh2 Ne4 32. Qe2 Ned6 33. Qf2 Nb5
34. Rf1 Qf7 35. a4 Nbd6 36. Re1 Nc4 37. Rd3 Nfd6 38. Nd2 Qg6 39. Nxc4 dxc4 40.
Ra3 Nf5 41. Rg1 h4 42. Qf1 b5 43. axb5 cxb5 44. Ra5 Qg3+ 45. Kh1 Nxd4 46. Rxb5
Nxb5 47. Qxc4+ Kh8 48. Qxb5 Rd8 49. Qc5 Red7 50. Nc3 Rd3 51. Qxa7 Rxe3 52. Qa5
Rd2 53. Qh5+ Kg8 54. Qg4 Rxg2 55. Qxg3 Rgxg3 56. Rxg3 Rxg3 57. Kh2 Rf3 0-1

[Event "2. Bundesliga Mitte 2011/12"]
[Site "St.Veit/Glan"]
[Date "2012.03.04"]
[Round "9"]
[Board "4"]
[White "Schwabeneder, Florian"]
[Black "Petschar, Kurt"]
[Result "1-0"]
[WhiteElo "2252"]
[BlackElo "2312"]
[PlyCount "117"]
[EventDate "2011.10.21"]
[EventType "team"]
[EventRounds "11"]
[EventCountry "AUT"]
[WhiteTeam "SpG. Spark. Grieskirchen/Schallerb."]
[BlackTeam "SC Die Klagenfurter"]

1. e4 c5 2. Nf3 Nc6 3. Bb5 d6 4. c3 Nf6 5. d3 Bd7 6. Nbd2 a6 7. Ba4 e5 8. O-O
Be7 9. Re1 O-O 10. Nf1 Re8 11. Ng3 Bf8 12. h3 Rc8 13. Bb3 Na5 14. Bc2 Qc7 15.
Bg5 Be7 16. Qd2 Be6 17. Nh4 h6 18. Bxf6 Bxf6 19. Nhf5 Bg5 20. Qe2 g6 21. Ne3
Qd8 22. Ngf1 Nc6 23. Qd1 Bxe3 24. Nxe3 Qg5 25. Bb3 Nd8 26. Nd5 Kg7 27. Re3 Nc6
28. Rg3 Qd8 29. Ne3 Bxb3 30. Qxb3 Rc7 31. Rf1 Rf8 32. f4 exf4 33. Rxf4 f6 34.
Qd1 Kh7 35. Nd5 Rcf7 36. Rgf3 Kg7 37. Qf1 b5 38. h4 h5 39. Ne3 Ne5 40. Rg3 Kh7
41. Qd1 Rg7 42. d4 cxd4 43. cxd4 Nf7 44. Rgf3 Nh6 45. Qf1 Rgf7 46. a4 bxa4 47.
Qxa6 Qc7 48. Nc4 Ng4 49. Qxa4 Rc8 50. b3 d5 51. exd5 Re7 52. d6 Re1+ 53. Rf1
Rxf1+ 54. Rxf1 Qg7 55. Re1 Kh6 56. Re7 Qf8 57. Qd7 g5 58. Qf5 Qg8 59. hxg5+ 1-0

[Event "2. Bundesliga Mitte 2011/12"]
[Site "St.Veit/Glan"]
[Date "2012.03.04"]
[Round "9"]
[Board "5"]
[White "Titz, Heimo"]
[Black "Humer, Wolfgang"]
[Result "1-0"]
[WhiteElo "2202"]
[BlackElo "2244"]
[PlyCount "43"]
[EventDate "2011.10.21"]
[EventType "team"]
[EventRounds "11"]
[EventCountry "AUT"]
[WhiteTeam "SC Die Klagenfurter"]
[BlackTeam "SpG. Spark. Grieskirchen/Schallerb."]

1. c4 e5 2. Nc3 Nf6 3. Nf3 Nc6 4. e3 Bb4 5. Qc2 O-O 6. Nd5 Re8 7. Qf5 d6 8.
Nxf6+ Qxf6 9. Qxf6 gxf6 10. a3 Ba5 11. b4 Bb6 12. Bb2 a5 13. b5 Nd8 14. d4 Bg4
15. c5 Ba7 16. b6 Bxf3 17. gxf3 exd4 18. Rg1+ Kf8 19. Bxd4 cxb6 20. cxb6 Re6
21. Bd3 Nc6 22. Bxh7 1-0

[Event "2. Bundesliga Mitte 2011/12"]
[Site "St.Veit/Glan"]
[Date "2012.03.04"]
[Round "9"]
[Board "6"]
[White "Obermayr, Hermann"]
[Black "Singer, Hans"]
[Result "0-1"]
[WhiteElo "2195"]
[BlackElo "2260"]
[PlyCount "102"]
[EventDate "2011.10.21"]
[EventType "team"]
[EventRounds "11"]
[EventCountry "AUT"]
[WhiteTeam "SpG. Spark. Grieskirchen/Schallerb."]
[BlackTeam "SC Die Klagenfurter"]

1. d4 {[%emt 0:00:00]} d5 {[%emt 0:00:00]} 2. c4 e6 3. Nc3 Be7 4. Nf3 Nf6 5.
cxd5 exd5 6. Bg5 c6 7. Qc2 O-O 8. e3 Re8 9. Bd3 Nbd7 10. O-O Nf8 11. Bxf6 Bxf6
12. b4 Bg4 13. Nd2 Rc8 14. Bf5 Bxf5 15. Qxf5 g6 16. Qd3 Ne6 17. Rab1 Qd7 18.
Rfc1 Red8 19. Rc2 Be7 20. Nf3 Bf6 21. h3 Bg7 22. Ne2 a6 23. a4 Qd6 24. Qb3 h6
25. Nc1 Nc7 26. Nd3 Rb8 27. Rbc1 Re8 28. Nfe5 Bxe5 29. Nxe5 Ne6 30. f4 Nc7 31.
Rf2 Rbd8 32. Qb1 h5 33. Rcf1 Qf6 34. Kh1 Qf5 35. Qxf5 gxf5 36. Rf3 f6 37. Nd3
Re7 38. Kg1 Ne8 39. Rc1 Nd6 40. Nf2 Nc4 41. Nd1 Kf7 42. Rc2 a5 43. bxa5 Ra8 44.
Nb2 Nd6 45. Kf1 Rxa5 46. Ke2 Ke6 47. Rg3 Ra8 48. Rg6 Rh8 49. g4 Kf7 50. gxf5
Nxf5 51. Rg1 Nxd4+ 0-1

[Event "2. Bundesliga Mitte 2011/12"]
[Site "St.Veit/Glan"]
[Date "2012.03.04"]
[Round "9"]
[Board "1"]
[White "Gergacz, Attila"]
[Black "Grunberg, Mihai-Lucian"]
[Result "1/2-1/2"]
[WhiteElo "2426"]
[BlackElo "2420"]
[PlyCount "49"]
[EventDate "2011.10.21"]
[EventType "team"]
[EventRounds "11"]
[EventCountry "AUT"]
[WhiteTeam "SV Steyregg"]
[BlackTeam "Strassenbahn Graz"]

1. e4 Nf6 2. e5 Nd5 3. d4 d6 4. Nf3 dxe5 5. Nxe5 c6 6. Be2 Bf5 7. c3 {
[%emt 0:00:00]} Nd7 8. Bd3 Bxd3 9. Nxd3 e6 10. Nd2 Be7 11. O-O O-O 12. Nf3 c5
13. c4 N5f6 14. b3 a6 15. Bb2 Qc7 16. Qe2 Rfe8 17. dxc5 Nxc5 18. Nxc5 Qxc5 19.
Ne5 Rad8 20. Qf3 Qc7 21. Rfe1 Bb4 22. Red1 Bd6 23. Re1 Bb4 24. Red1 Bd6 25. Re1
1/2-1/2

[Event "2. Bundesliga Mitte 2011/12"]
[Site "St.Veit/Glan"]
[Date "2012.03.04"]
[Round "9"]
[Board "3"]
[White "Webersberger, Johann"]
[Black "Krebs, Johann"]
[Result "1-0"]
[WhiteElo "2380"]
[BlackElo "2284"]
[PlyCount "53"]
[EventDate "2011.10.21"]
[EventType "team"]
[EventRounds "11"]
[EventCountry "AUT"]
[WhiteTeam "SV Steyregg"]
[BlackTeam "Strassenbahn Graz"]

1. d4 Nf6 2. Bg5 Ne4 3. Bf4 c5 4. f3 Nf6 5. dxc5 b6 6. c6 Nxc6 7. e4 e5 8. Bg5
h6 9. Bxf6 Qxf6 10. Nc3 Bb4 11. Bc4 Nd4 12. Nge2 Nxe2 13. Qxe2 Bxc3+ 14. bxc3
Qh4+ 15. g3 Qh3 16. O-O-O Bb7 17. g4 Qh4 18. Bxf7+ Kxf7 19. Rxd7+ Kg6 20. Rxb7
Rhd8 21. Kb2 Qf6 22. Rd1 Qc6 23. Rxd8 Rxd8 24. Rxa7 Qc5 25. Ra4 Qg1 26. Qc4 Rd1
27. Qe6+ 1-0

[Event "2. Bundesliga Mitte 2011/12"]
[Site "St.Veit/Glan"]
[Date "2012.03.04"]
[Round "9"]
[Board "6"]
[White "Schink, Barbara"]
[Black "Kubinger, Thomas"]
[Result "1/2-1/2"]
[WhiteElo "2069"]
[BlackElo "2170"]
[PlyCount "82"]
[EventDate "2011.10.21"]
[EventType "team"]
[EventRounds "11"]
[EventCountry "AUT"]
[WhiteTeam "Strassenbahn Graz"]
[BlackTeam "SV Steyregg"]

1. e4 e6 2. d4 d5 3. Nc3 Nf6 4. e5 Nfd7 5. f4 c5 6. Nf3 Nc6 7. Be3 Be7 8. Qd2
a6 9. dxc5 Nxc5 10. Qf2 Qa5 11. Bd3 Na4 12. O-O Nxb2 13. Ne2 Nb4 14. Qg3 g6 15.
f5 N2xd3 16. cxd3 exf5 17. Bg5 Qd8 18. Nf4 Nc6 19. Bh6 Be6 20. Rab1 Qd7 21. Ng5
Bf8 22. Bxf8 Kxf8 23. Qh4 Re8 24. Ngxe6+ fxe6 25. Nxg6+ Kg7 26. Nf4 Nxe5 27.
Nh5+ Kf8 28. Qf6+ Nf7 29. Rb6 Rg8 30. Rfb1 Rg6 31. Qh4 Nd6 32. Nf6 Qd8 33.
Nxh7+ Kg7 34. Qb4 e5 35. Rxb7+ Kg8 36. Qa4 Nxb7 37. Rxb7 Re7 38. Qh4 Rxb7 39.
Qxd8+ Kxh7 40. Qxd5 Rb2 41. g3 Re2 1/2-1/2

[Event "2. Bundesliga Mitte 2011/12"]
[Site "St.Veit/Glan"]
[Date "2012.03.04"]
[Round "9"]
[Board "3"]
[White "Kranzl, Peter"]
[Black "Danner, Georg"]
[Result "1/2-1/2"]
[WhiteElo "2253"]
[BlackElo "2408"]
[PlyCount "59"]
[EventDate "2011.10.21"]
[EventType "team"]
[EventRounds "11"]
[EventCountry "AUT"]
[WhiteTeam "ASK St. Valentin"]
[BlackTeam "Union Styria Graz Kleine Zeitung"]

1. e4 c5 2. c3 Nf6 3. e5 Nd5 4. d4 cxd4 5. Qxd4 e6 6. Nf3 Nc6 7. Qe4 b6 8. Bd3
Bb7 9. O-O Nde7 10. Re1 Ng6 11. Qe2 Qc7 12. h4 d6 13. exd6 Bxd6 14. h5 Nf4 15.
Bxf4 Bxf4 16. Na3 Rd8 17. Be4 O-O 18. Nb5 Qb8 19. Rad1 a6 20. Nbd4 Nxd4 21.
Rxd4 Rxd4 22. Nxd4 Qa8 23. Bxb7 Qxb7 24. g3 Bg5 25. Qf3 Qxf3 26. Nxf3 Bf6 27.
Re4 Rc8 28. Kf1 Rc5 29. g4 Kf8 30. Nd2 {and draw at move 53!!} 1/2-1/2

[Event "2. Bundesliga Mitte 2011/12"]
[Site "St.Veit/Glan"]
[Date "2012.03.04"]
[Round "9"]
[Board "4"]
[White "Rogulj, Branko"]
[Black "Tober, Gerhard"]
[Result "1/2-1/2"]
[WhiteElo "2394"]
[BlackElo "2272"]
[PlyCount "80"]
[EventDate "2011.10.21"]
[EventType "team"]
[EventRounds "11"]
[EventCountry "AUT"]
[WhiteTeam "Union Styria Graz Kleine Zeitung"]
[BlackTeam "ASK St. Valentin"]

1. e4 d5 2. exd5 Qxd5 3. Nc3 Qd6 4. d4 Nf6 5. Nf3 c6 6. h3 Bf5 7. Bc4 Nbd7 8.
O-O e6 9. Re1 Be7 10. Bb3 O-O 11. Ne2 Qc7 12. Bf4 Bd6 13. Bxd6 Qxd6 14. Ng3 Bg6
15. Qe2 c5 16. Rad1 Qb6 17. c3 Rfd8 18. Nh4 cxd4 19. Nxg6 hxg6 20. Rxd4 Nc5 21.
Red1 Nxb3 22. Rxd8+ Rxd8 23. Rxd8+ Qxd8 24. axb3 a6 25. Nf1 Nd5 26. Qf3 Qb6 27.
Nd2 Qa5 28. Qd1 Qc7 29. Nf3 Qa5 30. c4 Nf6 31. Qd6 Kh7 32. h4 Ne4 33. Qf4 f5
34. Qc1 Qb4 35. Qc2 Qd6 36. Kf1 Kg8 37. Ke2 Qc5 38. Ke1 Qa5+ 39. Ke2 Qc5 40.
Ke1 Qa5+ 1/2-1/2

[Event "2. Bundesliga Mitte 2011/12"]
[Site "St.Veit/Glan"]
[Date "2012.03.04"]
[Round "9"]
[Board "5"]
[White "Heimberger, Reinhard"]
[Black "Wittmann, Walter"]
[Result "0-1"]
[WhiteElo "2313"]
[BlackElo "2300"]
[PlyCount "112"]
[EventDate "2011.10.21"]
[EventType "team"]
[EventRounds "11"]
[EventCountry "AUT"]
[WhiteTeam "ASK St. Valentin"]
[BlackTeam "Union Styria Graz Kleine Zeitung"]

1. Nf3 Nf6 2. b3 d5 3. Bb2 e6 4. d4 Nbd7 5. e3 Be7 6. Bd3 b6 7. O-O Bb7 8. c4
O-O 9. Nc3 c5 10. Ne5 dxc4 11. bxc4 cxd4 12. exd4 Nxe5 13. dxe5 Nd7 14. Qc2 h6
15. Rad1 Qc7 16. f4 Nc5 17. Nb5 Qc6 18. Nd4 Qa4 19. f5 Qxc2 20. Bxc2 Rfd8 21.
f6 Bf8 22. Nb5 Be4 23. fxg7 Bxg7 24. Bxe4 Nxe4 25. Rfe1 Rxd1 26. Rxd1 a6 27.
Nc7 Rc8 28. Nxa6 Rxc4 29. a3 Bf8 30. Rd3 Rc2 31. Rb3 Nc5 32. Nxc5 Bxc5+ 33. Kh1
Kh7 34. h3 h5 35. h4 Re2 36. Kh2 Bf2 37. Kh3 Re4 38. g3 Re2 39. g4 Kg6 40. Ba1
Re4 41. Kg2 Bc5 42. gxh5+ Kxh5 43. Bb2 Kxh4 44. Kf3 Re1 45. Rd3 Kg5 46. Bc3
Rf1+ 47. Kg2 Rf2+ 48. Kg3 Kf5 49. Rd8 Ke4 50. Kg4 Rf4+ 51. Kg5 Be3 52. Kh6 Rf3+
53. Kh7 Bc5 54. Bb2 Rb3 55. Bc1 Bxa3 56. Bg5 Kxe5 0-1